[Event "4NCL Division 3"]
[Site "Daventry Court ENG"]
[Date "2015.03.22"]
[Round "8.99"]
[White "Woolgar, Steve"]
[Black "Van der Veen, Ailko"]
[Result "0-1"]
[WhiteElo "1841"]
[BlackElo "1682"]
[PlyCount "82"]
[EventDate "2015.03.22"]

1. c4 e5 2. Nc3 Nc6 3. g3 Nf6 4. Bg2 Bc5 5. Nf3 d5 6. cxd5 Nxd5 7. O-O Be6 8.
Nxe5 Nxe5 9. d4 Nxc3 10. bxc3 Bb6 11. dxe5 Qc8 12. a4 O-O 13. a5 Bc5 14. Ba3
Bxa3 15. Rxa3 Bh3 16. Qc2 Bxg2 17. Kxg2 b5 18. a6 Qe6 19. f4 Rab8 20. Qb3 Qc6+
21. Kf2 Rb6 22. Rfa1 Qc5+ 23. e3 Rd8 24. Qb4 Rd2+ 25. Kf3 Qd5+ 26. Qe4 Rf2+ 27.
Kxf2 Qxe4 28. Rd1 f6 29. Rd8+ Kf7 30. Rd7+ Ke6 31. Rxc7 b4 32. cxb4 Rxb4 33.
Ra2 Qh1 34. Rac2 Qxh2+ 35. Kf3 Qh1+ 36. Kf2 Rb1 37. R2c6+ Kf5 38. g4+ Kxg4 39.
Rxg7+ Kf5 40. e4+ Kxe4 41. exf6 Rb2+ 0-1

[Event "4NCL Division 3"]
[Site "Daventry Court ENG"]
[Date "2015.03.22"]
[Round "8.99"]
[White "Brown, David E"]
[Black "Taylor, Robert.K"]
[Result "1-0"]
[WhiteElo "1960"]
[BlackElo "1964"]
[PlyCount "69"]
[EventDate "2015.03.22"]

1. e4 c5 2. Nf3 d6 3. d4 Nf6 4. Nc3 Qa5 5. Bd3 cxd4 6. Nxd4 Bd7 7. O-O g6 8.
Nb3 Qd8 9. Qe2 Bg7 10. f3 Nc6 11. Be3 Ne5 12. Qf2 Nxd3 13. cxd3 Qb8 14. Rfc1 e5
15. d4 O-O 16. dxe5 dxe5 17. Nc5 Bc6 18. b4 b6 19. Na6 Qb7 20. b5 Rfc8 21. a4
Be8 22. Qa2 Bf8 23. Rc2 h6 24. Rac1 Qe7 25. Nd5 Nxd5 26. Qxd5 Qa3 27. Rxc8
Qxe3+ 28. Kf1 Rxc8 29. Rxc8 Qa3 30. Rxe8 Qxa4 31. Qxe5 Qd1+ 32. Kf2 Qd2+ 33.
Kg3 g5 34. h3 Qd7 35. Qb8 1-0

[Event "4NCL Division 3"]
[Site "Daventry Court ENG"]
[Date "2015.03.22"]
[Round "8"]
[White "Collins, Richard.A"]
[Black "Fogg, Martin"]
[Result "1-0"]
[WhiteElo "1788"]
[BlackElo "1933"]
[PlyCount "43"]
[EventDate "2015.03.22"]

1. d4 Nf6 2. c4 e6 3. g3 Bb4+ 4. Bd2 Bxd2+ 5. Nxd2 d5 6. Bg2 Nc6 7. Ngf3 O-O 8.
O-O Re8 9. e3 Qd6 10. a3 a5 11. Rc1 Rb8 12. Qc2 Bd7 13. Rfd1 b5 14. cxd5 exd5
15. Qc5 Ne4 16. Nxe4 dxe4 17. Ne5 Nxe5 18. dxe5 Qxc5 19. Rxc5 Bg4 20. Rd4 Bf3
21. h3 Re7 22. Rxb5 1-0

[Event "4NCL Division 3"]
[Site "Daventry Court ENG"]
[Date "2015.03.22"]
[Round "8.1"]
[White "Hall, Antony"]
[Black "Coward, Neil"]
[Result "1/2-1/2"]
[WhiteElo "1910"]
[BlackElo "1815"]
[PlyCount "52"]
[EventDate "2015.03.22"]

1. e4 c5 2. Nc3 Nc6 3. g3 g6 4. Bg2 Bg7 5. Nge2 e6 6. O-O Nge7 7. f4 O-O 8. d3
d5 9. Bd2 dxe4 10. dxe4 b6 11. Be3 Ba6 12. Re1 Qc7 13. Qc1 Rad8 14. Nd1 Rd7 15.
Nf2 Rfd8 16. c3 Na5 17. b3 Nac6 18. Rb1 f5 19. e5 Nd5 20. Rb2 Bxe2 21. Rbxe2
Nde7 22. Rd1 Rxd1+ 23. Nxd1 Rd7 24. Rd2 Qd8 25. Rxd7 Qxd7 26. Qd2 Qxd2 1/2-1/2

[Event "4NCL Division 3"]
[Site "Daventry Court ENG"]
[Date "2015.03.22"]
[Round "8.2"]
[White "Whitehead, Mark.A"]
[Black "Lamont, Richard"]
[Result "1/2-1/2"]
[WhiteElo "2001"]
[BlackElo "1887"]
[PlyCount "76"]
[EventDate "2015.03.22"]

1. e4 c5 2. Nc3 g6 3. g3 Bg7 4. Bg2 Nc6 5. d3 a6 6. Nge2 e6 7. Be3 Nd4 8. Qd2
Rb8 9. O-O b5 10. Nc1 Bb7 11. Nd1 e5 12. c3 Ne6 13. f4 exf4 14. gxf4 Ne7 15.
Qf2 f5 16. Bxc5 Nxc5 17. Qxc5 O-O 18. e5 Bxg2 19. Kxg2 Rc8 20. Qf2 b4 21. d4
Nd5 22. cxb4 Nxb4 23. Nc3 d6 24. a3 dxe5 25. dxe5 Nd5 26. N1e2 Nxc3 27. Nxc3 g5
28. Rad1 Qe8 29. Rfe1 Rc4 30. Rd4 Qa8+ 31. Kg1 Rxd4 32. Qxd4 Rd8 33. Qc4+ Kh8
34. Rd1 gxf4 35. Rxd8+ Qxd8 36. Qxf4 Qb8 37. Qxf5 Bxe5 38. Qc2 Qb6+ 1/2-1/2

[Event "4NCL Division 3"]
[Site "Daventry Court ENG"]
[Date "2015.03.22"]
[Round "8.3"]
[White "Woodcock, Keith"]
[Black "Lonsdale, Jon.I"]
[Result "0-1"]
[WhiteElo "1660"]
[BlackElo "1766"]
[PlyCount "68"]
[EventDate "2015.03.22"]

1. d4 Nf6 2. Nc3 d5 3. Bg5 Nbd7 4. Nf3 c6 5. e3 e6 6. Bd3 Be7 7. h4 Qb6 8. Na4
Qa5+ 9. c3 b5 10. Nc5 Nxc5 11. dxc5 b4 12. O-O h6 13. cxb4 Qxb4 14. Bf4 Nd7 15.
Nd4 Qb7 16. Bd6 Bxd6 17. cxd6 O-O 18. Rc1 c5 19. Nf3 Qb6 20. Bb1 f5 21. Qc2 Rb8
22. b3 Qxd6 23. a3 e5 24. h5 Bb7 25. Rfd1 Qf6 26. Nd2 Rbc8 27. Qc3 d4 28. Qd3
Qg5 29. Qf1 e4 30. Nc4 Ba6 31. exd4 cxd4 32. Rxd4 Ne5 33. Qd1 Nf3+ 34. Kh1 Qh4#
0-1

[Event "4NCL Division 3"]
[Site "Daventry Court ENG"]
[Date "2015.03.22"]
[Round "8.4"]
[White "Livesey, Nigel.R"]
[Black "Sheerin, Alex"]
[Result "1-0"]
[WhiteElo "1854"]
[BlackElo "1632"]
[PlyCount "63"]
[EventDate "2015.03.22"]

1. c4 e5 2. g3 Nf6 3. Bg2 d5 4. cxd5 Nxd5 5. Nc3 Nb6 6. Nf3 Nc6 7. O-O Be7 8.
d3 Be6 9. Be3 O-O 10. Ne4 f6 11. a3 Qd7 12. Rc1 Bh3 13. Nc5 Bxc5 14. Rxc5 Bxg2
15. Kxg2 Kh8 16. Qc2 Rae8 17. Rd1 Re6 18. b4 a6 19. d4 Rd6 20. Rd2 exd4 21. Bf4
Re6 22. Rh5 f5 23. Rxf5 Rxf5 24. Qxf5 Qe7 25. Ng5 Rg6 26. h4 Nc4 27. Qc8+ Qd8
28. Nf7+ Kg8 29. Nxd8 Ne7 30. Qxc7 Nxd2 31. Qxe7 Rf6 32. Ne6 1-0

[Event "4NCL Division 3"]
[Site "Daventry Court ENG"]
[Date "2015.03.22"]
[Round "8.9"]
[White "Dean, Robert A"]
[Black "Fletcher, John"]
[Result "0-1"]
[WhiteElo "1862"]
[BlackElo "2063"]
[PlyCount "86"]
[EventDate "2015.03.22"]

1. e4 c5 2. f4 d5 3. exd5 Nf6 4. c4 e6 5. dxe6 Bxe6 6. Nf3 Nc6 7. Be2 Bd6 8. d3
Qc7 9. Nc3 Bxf4 10. Nb5 Qa5+ 11. Bd2 Bxd2+ 12. Nxd2 O-O 13. O-O Rad8 14. Nb3
Qb6 15. Qe1 a6 16. Qg3 axb5 17. Rxf6 Nd4 18. Nxd4 cxd4 19. cxb5 Qxb5 20. b3 Qa5
21. Bf3 Qc3 22. Rd1 Ra8 23. Be4 Rxa2 24. Rh6 Qxb3 25. Rf1 f5 26. Qg5 fxe4 27.
Rxf8+ Kxf8 28. Qf4+ Ke7 29. Qc7+ Ke8 30. Rxe6+ Qxe6 31. Qb8+ Kf7 32. Qc7+ Kf6
33. Qf4+ Kg6 34. Qg3+ Kh5 35. h4 Ra1+ 36. Kh2 Ra5 37. Qf2 Qe5+ 38. g3 exd3 39.
Qf7+ Kh6 40. Qxb7 Ra2+ 41. Kh3 Qf5+ 42. g4 Qf1+ 43. Kg3 Qf2+ 0-1

[Event "4NCL Division 3"]
[Site "Daventry Court ENG"]
[Date "2015.03.22"]
[Round "8.10"]
[White "Adams, Mark"]
[Black "Corcoran, Gary"]
[Result "1-0"]
[WhiteElo "1988"]
[BlackElo "1869"]
[PlyCount "31"]
[EventDate "2015.03.22"]

1. e4 d5 2. exd5 e6 3. d4 exd5 4. Nf3 Nf6 5. Be2 Bf5 6. O-O Bd6 7. Bg5 Nbd7 8.
Nbd2 c6 9. c4 O-O 10. Re1 Re8 11. Qb3 Qb6 12. c5 Qxb3 13. axb3 Bc7 14. Nh4 Ne4
15. Nxf5 Nxd2 16. Bxd2 1-0

[Event "4NCL Division 3"]
[Site "Daventry Court ENG"]
[Date "2015.03.22"]
[Round "8.12"]
[White "Waterfield, John"]
[Black "Bramson, Mike"]
[Result "1/2-1/2"]
[WhiteElo "1904"]
[BlackElo "1822"]
[PlyCount "78"]
[EventDate "2015.03.22"]

1. e4 e5 2. f4 d5 3. exd5 e4 4. d3 e3 5. Bxe3 Nf6 6. Qe2 Bg4 7. Nf3 Bxf3 8.
Qxf3 Qxd5 9. Be2 Nc6 10. Nc3 Bb4 11. O-O Bxc3 12. bxc3 O-O 13. c4 Qd7 14. c3
Rfe8 15. Bc5 Qf5 16. Bf2 Qa5 17. Rfc1 Re7 18. Bf1 Rae8 19. Rc2 h6 20. Rb1 Nd8
21. Rb5 Qa6 22. Bd4 Re1 23. Re5 R8xe5 24. Bxe5 Ne8 25. Qf2 Qb6 26. Bd4 Qb1 27.
Re2 Rxe2 28. Qxe2 Kf8 29. f5 Qc1 30. Bc5+ Nd6 31. Qe5 Kg8 32. Bxd6 cxd6 33.
Qxd6 Qe3+ 34. Kh1 Qf2 35. Qxd8+ Kh7 36. h4 Qxf1+ 37. Kh2 Qf4+ 38. Kg1 Qc1+ 39.
Kh2 Qf4+ 1/2-1/2

[Event "4NCL Division 3"]
[Site "Daventry Court ENG"]
[Date "2015.03.22"]
[Round "8.13"]
[White "Grobler, David"]
[Black "Dixon, Chris"]
[Result "0-1"]
[WhiteElo "1665"]
[BlackElo "1836"]
[PlyCount "54"]
[EventDate "2015.03.22"]

1. e4 d6 2. d4 Nf6 3. Nc3 g6 4. Be2 Bg7 5. g4 d5 6. e5 Ne4 7. Nxe4 dxe4 8. Be3
O-O 9. Qd2 c5 10. c3 cxd4 11. cxd4 Be6 12. h3 Nc6 13. b3 Bd5 14. Bc4 e6 15. Ne2
Qe7 16. Bxd5 exd5 17. O-O Qd7 18. Nf4 Rfe8 19. Rfd1 Bf8 20. Qb2 Nd8 21. Rac1
Ne6 22. Rc2 Nxf4 23. Bxf4 h5 24. gxh5 Qxh3 25. hxg6 Qg4+ 26. Bg3 Qxd1+ 27. Kg2
fxg6 0-1

[Event "4NCL Division 3"]
[Site "Daventry Court ENG"]
[Date "2015.03.22"]
[Round "8.14"]
[White "Thomas, Gary"]
[Black "Garcia Castro, Veronica"]
[Result "1-0"]
[WhiteElo "1821"]
[BlackElo "1729"]
[PlyCount "69"]
[EventDate "2015.03.22"]

1. e4 e5 2. Nf3 Nc6 3. Bb5 a6 4. Ba4 Nf6 5. O-O b5 6. Bb3 Be7 7. c3 Na5 8. Bc2
d6 9. h3 O-O 10. d4 exd4 11. cxd4 Bb7 12. Re1 c5 13. a3 Rc8 14. Nbd2 Rc7 15.
Nf1 cxd4 16. Nxd4 Qa8 17. Ne3 Bxe4 18. Bxe4 Nxe4 19. Nef5 Bf6 20. Qg4 Bxd4 21.
Rxe4 Bf6 22. Bh6 g6 23. Bxf8 Qxf8 24. Rae1 Rc8 25. Ne7+ Bxe7 26. Rxe7 Nc4 27.
Qd4 h5 28. b3 Nxa3 29. Qxd6 Nc2 30. R1e4 a5 31. Qd7 Rd8 32. Qxb5 Kh7 33. Qc4
Rd1+ 34. Kh2 Qb8+ 35. g3 1-0

[Event "4NCL Division 3"]
[Site "Daventry Court ENG"]
[Date "2015.03.22"]
[Round "8.19"]
[White "Evans, Craig"]
[Black "Goodhead, James W"]
[Result "1/2-1/2"]
[WhiteElo "1976"]
[BlackElo "1903"]
[PlyCount "33"]
[EventDate "2015.03.22"]

1. e4 c6 2. d4 d5 3. e5 Bf5 4. Nf3 e6 5. Be2 Nd7 6. O-O c5 7. c4 Ne7 8. Na3
cxd4 9. Nb5 Nc6 10. cxd5 exd5 11. Nbxd4 Nxd4 12. Nxd4 Be6 13. Nxe6 fxe6 14. Qa4
Bc5 15. Qg4 Qb6 16. Qh4 Nxe5 17. Bh5+ 1/2-1/2

[Event "4NCL Division 3"]
[Site "Daventry Court ENG"]
[Date "2015.03.22"]
[Round "8.20"]
[White "Booley, Graham M"]
[Black "Wagner, Guy"]
[Result "1/2-1/2"]
[WhiteElo "1810"]
[BlackElo "1817"]
[PlyCount "29"]
[EventDate "2015.03.22"]

1. e4 e6 2. d4 d5 3. exd5 exd5 4. Bd3 Bd6 5. Nf3 Ne7 6. c3 Bf5 7. Bxf5 Nxf5 8.
Qe2+ Qe7 9. Qxe7+ Nxe7 10. O-O Nd7 11. Re1 O-O-O 12. Ne5 Rhf8 13. Bf4 Rde8 14.
Nd2 Nb6 15. Nd3 1/2-1/2

[Event "4NCL Division 3"]
[Site "Daventry Court ENG"]
[Date "2015.03.22"]
[Round "8.21"]
[White "Buttell, David"]
[Black "Winter, Kevin"]
[Result "1/2-1/2"]
[WhiteElo "1797"]
[BlackElo "1803"]
[PlyCount "46"]
[EventDate "2015.03.22"]

1. d4 d5 2. c4 e5 3. dxe5 d4 4. Nf3 Nc6 5. g3 Bf5 6. Bg2 Qd7 7. O-O f6 8. exf6
Nxf6 9. a3 Bh3 10. b4 h5 11. Bxh3 Qxh3 12. Ng5 Qf5 13. h4 Qd7 14. Nd2 O-O-O 15.
Bb2 Bd6 16. Ndf3 Qg4 17. Nh2 Qd7 18. Qb3 Rhe8 19. c5 Be5 20. Rad1 Ng4 21. Nxg4
Qxg4 22. Qf3 Bf6 23. Qxg4+ hxg4 1/2-1/2

[Event "4NCL Division 3"]
[Site "Daventry Court ENG"]
[Date "2015.03.22"]
[Round "8.22"]
[White "Homer, Neil S"]
[Black "Robinson, Owen"]
[Result "1-0"]
[WhiteElo "1754"]
[BlackElo "1384"]
[PlyCount "63"]
[EventDate "2015.03.22"]

1. Nf3 d5 2. d4 Nf6 3. c4 e6 4. Nc3 c6 5. e3 b6 6. Be2 Bb7 7. O-O Be7 8. b3 O-O
9. Bb2 dxc4 10. Bxc4 c5 11. Be2 Nc6 12. dxc5 Bxc5 13. Nb5 Qe7 14. Bc4 Rad8 15.
Qe2 a6 16. Nc3 b5 17. Bd3 Nb4 18. Bb1 Qc7 19. h3 Rd7 20. a3 Bxf3 21. Qxf3 Nbd5
22. Nxd5 Nxd5 23. Rc1 Qa7 24. Qe4 g6 25. Qe5 f6 26. Qxe6+ Kg7 27. Rxc5 Qxc5 28.
Qxd7+ Rf7 29. Qg4 Re7 30. Qd4 Qc6 31. Be4 Rd7 32. Rc1 1-0

[Event "4NCL Division 3"]
[Site "Daventry Court ENG"]
[Date "2015.03.22"]
[Round "8.23"]
[White "Larter, Nick"]
[Black "Milson, Amy F"]
[Result "1-0"]
[WhiteElo "1773"]
[BlackElo "1667"]
[PlyCount "83"]
[EventDate "2015.03.22"]

1. e4 c5 2. a3 e6 3. b4 b6 4. bxc5 bxc5 5. Nc3 a6 6. Nf3 Ne7 7. Be2 Nbc6 8. Rb1
g6 9. h4 h5 10. Bb2 Rg8 11. Ng5 Bg7 12. Bxh5 Ne5 13. Be2 d6 14. f4 N5c6 15. h5
gxh5 16. Bxh5 Ng6 17. Nxf7 Kxf7 18. Bxg6+ Kf8 19. Qh5 Ke7 20. Qg5+ Kd7 21.
Qxd8+ Kxd8 22. Bh5 Bxc3 23. Bxc3 Rxg2 24. Bf6+ Kc7 25. Bf3 Rg6 26. e5 d5 27.
Kf2 Nd4 28. Bh5 Rg8 29. c3 Nf5 30. Bf7 Rg4 31. Bg5 Bd7 32. Rh3 Nh4 33. Rxh4
Rxh4 34. Bxh4 Rf8 35. Bh5 Rh8 36. Rh1 Kc6 37. Bf3 Rb8 38. Ra1 Rb2 39. Ke1 c4
40. Kd1 Kc5 41. Be7+ Kc6 42. Bb4 1-0

[Event "4NCL Division 3"]
[Site "Daventry Court ENG"]
[Date "2015.03.22"]
[Round "8.29"]
[White "Somerset, William"]
[Black "Truran, Mike"]
[Result "0-1"]
[WhiteElo "1941"]
[BlackElo "2191"]
[PlyCount "76"]
[EventDate "2015.03.22"]

1. d4 Nf6 2. c4 c5 3. d5 e5 4. Nc3 d6 5. e4 Be7 6. Nf3 O-O 7. g3 Nbd7 8. Bg2
Ne8 9. O-O g6 10. Ne1 Ng7 11. Nd3 f5 12. f3 Nf6 13. Nf2 fxe4 14. fxe4 Nfh5 15.
Nh3 Rxf1+ 16. Qxf1 Bd7 17. Qe2 a6 18. Be3 Qa5 19. Rf1 b5 20. g4 Nf6 21. Bg5 Rf8
22. Bxf6 Rxf6 23. Rxf6 Bxf6 24. a3 b4 25. Nb1 bxa3 26. Nxa3 Qb4 27. Bf1 Qb3 28.
Nb1 h5 29. g5 Bd8 30. Nc3 Ba5 31. Qd2 Bb4 32. Nf2 a5 33. Nfd1 a4 34. Qd3 Bg4
35. Ne3 a3 36. bxa3 Bxc3 37. h3 Bd7 38. Nd1 Bd4+ 0-1

[Event "4NCL Division 3"]
[Site "Daventry Court ENG"]
[Date "2015.03.22"]
[Round "8.30"]
[White "Asenov, Pavel"]
[Black "McCarthy, Damian"]
[Result "1/2-1/2"]
[WhiteElo "2044"]
[BlackElo "1847"]
[PlyCount "159"]
[EventDate "2015.03.22"]

1. d4 Nf6 2. c4 e6 3. Nc3 Bb4 4. e3 O-O 5. Bd3 d5 6. cxd5 exd5 7. Nge2 c6 8.
O-O Re8 9. a3 Bf8 10. Nf4 g6 11. f3 Bg7 12. Bc2 Nbd7 13. e4 Nf8 14. e5 N6d7 15.
Nfe2 f5 16. Be3 Ne6 17. Qd2 Qe7 18. Kh1 b6 19. f4 Bb7 20. Rf3 Rf8 21. Rg1 h5
22. h3 Kf7 23. Ng3 Ke8 24. Rff1 Qf7 25. Rc1 Rh8 26. b4 b5 27. a4 a6 28. a5 Bf8
29. Nd1 Be7 30. Nb2 Kf8 31. Rgf1 Kg7 32. Bf2 Rac8 33. Nd1 Qf8 34. Be1 h4 35.
Ne2 Rh7 36. Ne3 Rh5 37. Kh2 Qh8 38. Rf3 Rf8 39. Bf2 Rh6 40. Rg1 Kf7 41. Be1 Ke8
42. Qd1 Rf7 43. Bc3 Qf8 44. Qd2 Qh8 45. Rgf1 Rh5 46. Kg1 Ndf8 47. Kf2 Kd7 48.
Ke1 Nc7 49. Kd1 Nfe6 50. Kc1 Ba8 51. Kb2 Bb7 52. Kb3 Ba8 53. Rg1 Bb7 54. Qe1
Rh6 55. Qf1 Qh7 56. Qf2 Nf8 57. g4 hxg3 58. Qxg3 Bh4 59. Qg2 Nce6 60. Be1 Bxe1
61. Rxe1 Rh4 62. Qg3 Bc8 63. Ng2 Rh5 64. h4 Kc7 65. Qf2 Qg8 66. Ng3 Rh6 67. h5
Ng7 68. hxg6 Nxg6 69. Rc3 Be6 70. Bd3 Kb7 71. Rec1 Ne7 72. Ne3 Qe8 73. Be2 Rf8
74. Nd1 Rfh8 75. Nb2 Bd7 76. Nf1 Ne6 77. Rg3 Rh4 78. Nd3 Ng6 79. Rf3 Rh3 80.
Rg3 1/2-1/2

[Event "4NCL Division 3"]
[Site "Daventry Court ENG"]
[Date "2015.03.22"]
[Round "8.33"]
[White "Johnson, Paul"]
[Black "Sheremetyeva, Elizaveta"]
[Result "1-0"]
[WhiteElo "1902"]
[BlackElo "1610"]
[PlyCount "67"]
[EventDate "2015.03.22"]

1. d4 Nf6 2. e3 d5 3. Bd3 g6 4. Nf3 Bg7 5. Nbd2 Bf5 6. b3 Nc6 7. Bb2 Ne4 8. a3
Qd6 9. Qe2 e5 10. dxe5 Nxe5 11. Nxe5 Bxe5 12. Bxe5 Qxe5 13. O-O O-O-O 14. Nxe4
dxe4 15. Bc4 Qe7 16. b4 h5 17. c3 g5 18. Qa2 f6 19. Rfd1 g4 20. Rd4 h4 21. Rad1
Rxd4 22. Rxd4 g3 23. fxg3 hxg3 24. h3 Kb8 25. Qd2 Bc8 26. Qe1 Bxh3 27. gxh3
Rxh3 28. Qd2 a6 29. Rd8+ Ka7 30. Qd4+ b6 31. Rd7 Qf8 32. Rxc7+ Ka8 33. Qd5+ Kb8
34. Qb7# 1-0

[Event "4NCL Division 3"]
[Site "Daventry Court ENG"]
[Date "2015.03.22"]
[Round "8.49"]
[White "Balouka-Myers, Gabriel"]
[Black "Gallagher, Daniel GH"]
[Result "0-1"]
[WhiteElo "1562"]
[BlackElo "1856"]
[PlyCount "48"]
[EventDate "2015.03.22"]
[WhiteTeam "Barnet Knights 2"]
[BlackTeam "Check Us Out"]

1. Nf3 Nf6 2. g3 g6 3. Bg2 Bg7 4. d4 O-O 5. c4 d6 6. Nc3 c5 7. dxc5 dxc5 8.
Qxd8 Rxd8 9. Bf4 Nc6 10. O-O Be6 11. Nd2 Nh5 12. Bxc6 Nxf4 13. Bxb7 Bxc3 14.
gxf4 Bxd2 15. Bxa8 Rxa8 16. e3 Bg4 17. f3 Bxe3+ 18. Kg2 Be6 19. f5 gxf5 20. b3
f4 21. Rad1 Kg7 22. Rd3 Kf6 23. Rc3 Rg8+ 24. Kh1 Bh3 0-1

[Event "4NCL Division 3"]
[Site "Daventry Court ENG"]
[Date "2015.03.22"]
[Round "8.50"]
[White "Golding, James"]
[Black "Balouka-Myers, Reuben"]
[Result "1-0"]
[WhiteElo "1759"]
[BlackElo "1548"]
[PlyCount "61"]
[EventDate "2015.03.22"]
[WhiteTeam "Check Us Out"]
[BlackTeam "Barnet Knights 2"]

1. d4 f5 2. Bg5 Nf6 3. Bxf6 exf6 4. e3 d5 5. Bd3 g6 6. Ne2 Bd6 7. c4 dxc4 8.
Bxc4 Nd7 9. Nbc3 Nb6 10. Bb3 Qe7 11. O-O Be6 12. d5 Bf7 13. Nd4 O-O-O 14. Qf3
Nd7 15. Qe2 Ne5 16. Rac1 Ng4 17. Nc6 Bxh2+ 18. Kh1 Qf8 19. Nxd8 Qh6 20. Nxf7
Qh5 21. g3 Bxg3+ 22. Kg2 Qh2+ 23. Kf3 Qh3 24. fxg3 Nh2+ 25. Qxh2 Qxh2 26. Nxh8
g5 27. Nf7 g4+ 28. Kf4 Qh5 29. d6 cxd6 30. Nd5+ Kb8 31. Nxf6 1-0

[Event "4NCL Division 3"]
[Site "Daventry Court ENG"]
[Date "2015.03.22"]
[Round "8.51"]
[White "Willmoth, Harrison"]
[Black "Covey, Jason"]
[Result "0-1"]
[WhiteElo "1558"]
[BlackElo "1559"]
[PlyCount "64"]
[EventDate "2015.03.22"]
[WhiteTeam "Barnet Knights 2"]
[BlackTeam "Check Us Out"]

1. e4 e6 2. d3 d5 3. Nd2 Nf6 4. Ngf3 Nc6 5. g3 dxe4 6. dxe4 Bc5 7. Bg2 e5 8.
O-O O-O 9. h3 a5 10. c3 b6 11. Re1 Ba6 12. Nh2 Qe7 13. Bf1 Bxf1 14. Nhxf1 Rad8
15. Qe2 Rd7 16. Nf3 h6 17. Nh4 Rfd8 18. Nf5 Qe6 19. Nh2 Ne7 20. g4 Ng6 21. Nf3
Rd3 22. Bd2 Rxf3 23. Qxf3 Rxd2 24. Rf1 Nf4 25. Rad1 Rxd1 26. Rxd1 Qxa2 27. Rd8+
Kh7 28. h4 Qxb2 29. Ne3 Qe2 30. Qxe2 Nxe2+ 31. Kf1 Nxc3 32. Rc8 Ncxe4 0-1

[Event "4NCL Division 3"]
[Site "Daventry Court ENG"]
[Date "2015.03.22"]
[Round "8.52"]
[White "Golding, William"]
[Black "Karia, Devin"]
[Result "1/2-1/2"]
[WhiteElo "1402"]
[BlackElo "1257"]
[PlyCount "83"]
[EventDate "2015.03.22"]
[WhiteTeam "Check Us Out"]
[BlackTeam "Barnet Knights 2"]

1. d4 d5 2. Nf3 Nf6 3. Bf4 e6 4. e3 Nbd7 5. c3 Be7 6. Bd3 O-O 7. Nbd2 h6 8. h3
c5 9. Ne5 c4 10. Bc2 b5 11. Nc6 Qe8 12. Nf3 Bb7 13. Nxe7+ Qxe7 14. Ne5 Nxe5 15.
Bxe5 Ne4 16. f3 Qh4+ 17. g3 Nxg3 18. Bxg3 Qxg3+ 19. Kd2 Qg2+ 20. Qe2 Qxe2+ 21.
Kxe2 f5 22. Rhg1 Rae8 23. f4 a6 24. a4 Bc6 25. Kd2 Rb8 26. Rg6 Rf6 27. Rxf6
gxf6 28. Kc1 b4 29. Rb1 b3 30. Bd1 Bxa4 31. Ra1 Bb5 32. Bh5 Rf8 33. h4 Kh7 34.
Kd2 Rg8 35. Re1 Be8 36. Bxe8 Rxe8 37. Ra1 Ra8 38. h5 Kg7 39. Ra3 a5 40. Ke2 Kf7
41. Kf2 a4 42. Kf3 1/2-1/2

[Event "4NCL Division 3"]
[Site "Daventry Court ENG"]
[Date "2015.03.22"]
[Round "8.61"]
[White "Martin, Nick J"]
[Black "Hung, Dylan"]
[Result "1-0"]
[WhiteElo "1757"]
[BlackElo "1389"]
[PlyCount "59"]
[EventDate "2015.03.22"]

1. e4 c6 2. d4 d5 3. exd5 cxd5 4. Bd3 Qc7 5. c3 Nf6 6. Ne2 e6 7. Bf4 Bd6 8.
Bxd6 Qxd6 9. Nd2 Nc6 10. Nf3 O-O 11. O-O Rb8 12. Ng3 b5 13. Qe2 b4 14. Ne5 bxc3
15. bxc3 Bd7 16. f4 Rfc8 17. f5 Ne7 18. Nxd7 Nxd7 19. Qf3 Rxc3 20. fxe6 Nf6 21.
Bxh7+ Kxh7 22. Qxc3 Qxe6 23. Rae1 Qd7 24. Qf3 Ng6 25. Nf5 Kg8 26. Nxg7 Ne4 27.
Nh5 Qe7 28. Ng3 Nd2 29. Qxd5 Rd8 30. Qa5 1-0

[Event "4NCL Division 3"]
[Site "Daventry Court ENG"]
[Date "2015.03.22"]
[Round "8.69"]
[White "Ogunshola, Ben"]
[Black "Fowler, David W"]
[Result "1-0"]
[WhiteElo "2148"]
[BlackElo "1879"]
[PlyCount "53"]
[EventDate "2015.03.22"]

1. Nf3 d5 2. g3 Bg4 3. Bg2 Nd7 4. d4 c6 5. O-O Ngf6 6. Nbd2 e6 7. Qe1 Bd6 8. e4
dxe4 9. Nxe4 Nxe4 10. Qxe4 Nf6 11. Qe2 O-O 12. h3 Bh5 13. c4 a5 14. Rd1 a4 15.
Bd2 Qb8 16. g4 Bg6 17. Ne5 Rd8 18. Bg5 Bxe5 19. dxe5 Rxd1+ 20. Rxd1 Ne8 21. Rd8
Qa7 22. Qd2 f6 23. exf6 gxf6 24. Bxf6 Rxd8 25. Bxd8 Qc5 26. Bf1 Nd6 27. Be7 1-0

[Event "4NCL Division 3"]
[Site "Daventry Court ENG"]
[Date "2015.03.22"]
[Round "8.70"]
[White "Cresswell, Mike J"]
[Black "Froom, Oliver"]
[Result "0-1"]
[WhiteElo "1762"]
[BlackElo "1953"]
[PlyCount "98"]
[EventDate "2015.03.22"]

1. e4 c5 2. Nf3 d6 3. d4 cxd4 4. Nxd4 Nf6 5. Nc3 g6 6. f3 Bg7 7. Be3 O-O 8. Qd2
Nc6 9. O-O-O d5 10. Nxc6 bxc6 11. Bh6 Be6 12. Bxg7 Kxg7 13. e5 Nd7 14. f4 Qa5
15. Kb1 Rab8 16. h4 Rb4 17. b3 Rfb8 18. Bd3 Nc5 19. f5 gxf5 20. Qg5+ Kf8 21.
Kc1 Rg4 22. Qh6+ Rg7 23. Nb1 Qxa2 24. g4 Nxd3+ 25. Rxd3 fxg4 26. Rf1 Kg8 27.
Rg3 Rb4 28. Qd2 c5 29. Qc3 Qa6 30. Rfg1 Qb6 31. Nd2 a5 32. Nf3 a4 33. Ng5 axb3
34. Nxe6 b2+ 35. Kd2 Qxe6 36. Qa3 Qxe5 37. Re3 Qd6 38. Rb3 Qf4+ 39. Kc3 Qe3+
40. Kxb2 Rxb3+ 41. cxb3 Qd2+ 42. Kb1 Qd3+ 43. Ka2 Qc2+ 44. Ka1 Qc3+ 45. Ka2 Rg6
46. h5 Qd2+ 47. Kb1 Qd3+ 48. Kb2 Qd4+ 49. Ka2 Qxg1 0-1

[Event "4NCL Division 3"]
[Site "Daventry Court ENG"]
[Date "2015.03.22"]
[Round "8.71"]
[White "Fernando, Manel"]
[Black "Cooke, Charlie"]
[Result "0-1"]
[WhiteElo "1670"]
[BlackElo "1739"]
[PlyCount "114"]
[EventDate "2015.03.22"]

1. d4 d5 2. Nf3 Nf6 3. Bf4 e6 4. e3 Be7 5. Bd3 O-O 6. Ne5 Nbd7 7. O-O c6 8. Qf3
Re8 9. Nd2 g6 10. Qh3 Nh5 11. Rae1 Nxf4 12. exf4 Nxe5 13. fxe5 Qa5 14. Nf3 Qxa2
15. Nh4 Kg7 16. b3 Qa5 17. f4 Bxh4 18. Qxh4 Qb4 19. Qf6+ Kg8 20. h4 Qxd4+ 21.
Kh1 Qc5 22. Qg5 Qe7 23. Qg3 Kh8 24. Qh3 Kg7 25. h5 Bd7 26. Qg3 a6 27. f5 exf5
28. Bxf5 Kh8 29. hxg6 fxg6 30. Bxd7 Qxd7 31. Rf6 Rf8 32. Rd6 Qg7 33. e6 Rfe8
34. Rd7 Re7 35. Qc7 Rae8 36. Rf1 Qh6+ 37. Kg1 Qe3+ 38. Kh1 Qxe6 39. Rxe7 Qxe7
40. Qb6 Kg8 41. Qd4 Rf8 42. Rd1 Qe2 43. Rd2 Qf1+ 44. Kh2 Qf4+ 45. Qxf4 Rxf4 46.
g3 Rf7 47. Kg2 Kf8 48. Re2 Re7 49. Rf2+ Ke8 50. Kh3 Rf7 51. Re2+ Kd7 52. Kg4 a5
53. Kg5 b5 54. g4 Kd6 55. Rd2 Kc5 56. Re2 a4 57. bxa4 bxa4 0-1

[Event "4NCL Division 3"]
[Site "Daventry Court ENG"]
[Date "2015.03.22"]
[Round "8.72"]
[White "Moore, John R"]
[Black "Sloan, Hamish"]
[Result "1-0"]
[WhiteElo "1731"]
[BlackElo "1576"]
[PlyCount "65"]
[EventDate "2015.03.22"]
[WhiteTeam "BCM Hippos [3]"]
[BlackTeam "The Pitstop"]

1. e4 c5 2. Nc3 Nc6 3. f4 d6 4. Bb5 Bd7 5. Nf3 a6 6. Be2 Nd4 7. O-O Nxe2+ 8.
Qxe2 b5 9. d3 b4 10. Nd5 e6 11. Ne3 Bc6 12. f5 e5 13. g4 f6 14. h4 Be7 15. Qg2
h6 16. Nd5 Bxd5 17. exd5 Kd7 18. c4 Kc7 19. h5 Qb8 20. Qc2 Qe8 21. Be3 Kb7 22.
Nd2 a5 23. Ne4 Qd7 24. Qg2 Qc7 25. a3 Kb8 26. axb4 cxb4 27. Rfc1 Bf8 28. Qf2
Ne7 29. Bb6 Qd7 30. Bxa5 Qa7 31. Qxa7+ Rxa7 32. Bxb4 Rxa1 33. Bxd6+ 1-0

[Event "4NCL Division 3"]
[Site "Daventry Court ENG"]
[Date "2015.03.22"]
[Round "8.73"]
[White "Faizi, Tariq"]
[Black "Grey, Nicholas D"]
[Result "0-1"]
[WhiteElo "1433"]
[BlackElo "1751"]
[PlyCount "48"]
[EventDate "2015.03.22"]

1. c4 e5 2. d3 f5 3. Nc3 Nf6 4. e3 d6 5. Be2 c6 6. e4 Be7 7. Qc2 Na6 8. a3 O-O
9. Nf3 Qe8 10. O-O Nc5 11. b4 fxe4 12. dxe4 Ne6 13. Bd3 Nh5 14. Ne2 Qg6 15. Ng3
Rxf3 16. gxf3 Nd4 17. Qd1 Bh3 18. Re1 Bh4 19. Bf1 Bxf1 20. Rxf1 Rf8 21. Kh1
Rxf3 22. Nxh5 Qxe4 23. Ng3 Bxg3 24. hxg3 Rxg3+ 0-1